Revival - Zach Bryan Lyrics - Statistics

General Stats
  • This quiz has been taken 341 times
  • The average score is 138 of 187
Answer Stats
Lyric % Correct
a
96%
an
94%
the
94%
revival
93%
I
92%
all
91%
having
91%
night
91%
we're
90%
were
90%
and
88%
my
87%
me
85%
boys
84%
women
84%
call
83%
Gather
83%
gather
83%
in
83%
on
83%
round
83%
table
83%
this
83%
of
82%
steal
82%
bottle
80%
someone
80%
baptize
79%
Johnny
79%
voice
79%
lose
78%
you
78%
for
77%
i'll
77%
put
74%
survival
74%
vinyl
73%
your
73%
bring
71%
but
71%
sake
71%
shame
71%
won
71%
bad
70%
done
70%
we've
70%
about
69%
to
69%
lord
68%
well
68%
beam
67%
screaming
67%
mine
65%
prison
65%
still
65%
as
64%
gods
64%
said
63%
are
62%
us
62%
forgive
59%
transgressions
59%
tried
59%
at
58%
has
58%
talk
58%
can
57%
comfort
57%
company
57%
could
57%
devil
57%
find
57%
not
57%
rising
57%
tell
57%
mama
56%
sun
56%
bones
54%
him
54%
if
54%
anger
52%
scrap
51%
cause
47%
grows
46%
merle
44%
bibles
42%
talking
41%
i'm
40%
now
36%
down
35%
coming
32%
was
32%
somebody
29%
No matching quizzes found
Score Distribution
Percent of People with Each Score
Percentile by Number Answered
Your Score History
You have not taken this quiz